000 01796nac a22002777a 4500
003 Co-PeBPM
005 20240504160510.0
007 ta
008 240504s2012 |||||||| |||| 00| 0 spa d
040 _aCo-PeBPM
_bspa
_cCo-PeBPM
_erda
082 0 4 _a616.8498 E81a
_222
100 1 _aEstivill, Eduard
_eautor
245 1 0 _aA dormir
_b: El método Estivill para enseñar a dormir a los niños
_c/ Eduard Estivill
250 _aPrimera edición
260 _aBogotá, Colombia
_b: Plaza y Janés,
_c2012
300 _a174 páginas
_bilustraciones en blanco y negro
_c23 centímetros
500 _aIncluye índice
500 _aContiene datos biográficos del autor en la solapa del texto
504 _aIncluye Bibliografía científica
520 _aLos conocimientos científicos del doctor Estivill, explicados de forma fácil y actualizada, que brindarán a todos los padres y educadores la oportunidad de conseguir que los niños duerman adecuadamente desde el primer día de vida. Dormir bien es esencial para el desarrollo físico y mental de los niños, y lograr que duerman bien es fundamental para la estabilidad de la familia. Un tercio de los niños presenta problemas de sueño. Siguiendo las pautas que explicamos en este libro, en menos de una semana conseguiremos que duerman adecuadamente. Así evitaremos las graves consecuencias del insomnio infantil. En este libro el doctor Estivill explica a los padres los pasos que deben seguir para acabar con los problemas de sueño de su hijo o hija y, por defecto, con sus principales consecuencias: irritabilidad, somnolencia, inseguridad y problemas para relacionarse.
546 _aspa
650 1 _aPuericultura
_2Lemb
650 1 _aTrastornos del sueño
_2Lemb
_vNiños
650 1 _aInsomnio
_2Lemb
_vNiños
942 _2ddc
_cBK
_n0
999 _c26806
_d26806